Pakistan ki kharja policy (Record no. 219603)

000 -LEADER
fixed length control field nam a22 7a 4500
003 - CONTROL NUMBER IDENTIFIER
control field Nust
005 - DATE AND TIME OF LATEST TRANSACTION
control field 20170215095444.0
008 - FIXED-LENGTH DATA ELEMENTS--GENERAL INFORMATION
fixed length control field 170215b xxu||||| |||| 00| 0 eng d
040 ## - CATALOGING SOURCE
Transcribing agency 0
082 ## - DEWEY DECIMAL CLASSIFICATION NUMBER
Classification number 327.95491
100 ## - MAIN ENTRY--PERSONAL NAME
Relator code Jameel ahmed Pal
245 ## - TITLE STATEMENT
Title Pakistan ki kharja policy
Statement of responsibility, etc. Jameel ahmed Pal
260 ## - PUBLICATION, DISTRIBUTION, ETC.
Place of publication, distribution, etc. Lahore
Name of publisher, distributor, etc. New Book Palace
Date of publication, distribution, etc. 1996
300 ## - PHYSICAL DESCRIPTION
Extent 319p
942 ## - ADDED ENTRY ELEMENTS (KOHA)
Source of classification or shelving scheme
Koha item type Book
Holdings
Withdrawn status Lost status Source of classification or shelving scheme Damaged status Not for loan Collection code Permanent Location Current Location Shelving location Date acquired Total Checkouts Full call number Barcode Date last seen Price effective from Koha item type
            Central Library (CL) Central Library (CL) General Stacks 02/15/2017   327.95491 PAL S3H-N-573 11/05/2023 02/15/2017 Book
© 2023 Central Library, National University of Sciences and Technology. All Rights Reserved.